| 000 | 00654nam a2200229 i 4500 | ||
|---|---|---|---|
| 001 | 2234072 | ||
| 003 | GBCCL | ||
| 005 | 20241126110412.0 | ||
| 008 | 761124s1976 ncua 000 0 eng | ||
| 010 | _a 76021571 | ||
| 020 | _c$7.95 | ||
| 040 |
_aDLC _cDLC _dDLC |
||
| 050 | 0 | 0 |
_aBS647.2 _b.C7 |
| 082 | 0 | 0 |
_a236 _bCRI |
| 100 | 1 |
_aCribb, C. C. _93960 |
|
| 245 | 1 | 0 |
_aFrom now till eternity : _bthe sequence of prophetic events / _cC. C. Cribb. |
| 260 |
_aRaleigh, N.C. : _bManhattan, _cc1976. |
||
| 300 |
_ax, 422 p. : _bill. ; _c22 cm. |
||
| 630 | 0 |
_aBible _xProphecies. _9457 |
|
| 906 |
_a7 _bcbc _corignew _d2 _eocip _f19 _gy-gencatlg |
||
| 942 |
_2ddc _cBK _05 |
||
| 999 |
_c1902 _d1902 |
||